The financial system in nineteenth-century Britain
Αποθηκεύτηκε σε:
| Κύριος συγγραφέας: | |
|---|---|
| Μορφή: | Βιβλίο |
| Γλώσσα: | English |
| Δημοσίευση: |
New York; Oxford :
Oxford University Press,
2003
|
| Σειρά: | Victorian archives series
|
| Θέματα: | |
| Ετικέτες: |
Προσθήκη ετικέτας
Δεν υπάρχουν, Καταχωρήστε ετικέτα πρώτοι!
|
MARC
| LEADER | 00000nam a2200000 i 4500 | ||
|---|---|---|---|
| 001 | 1/41590 | ||
| 008 | 031007s2003 eng d | ||
| 020 | |a 0-19-515057-0 | ||
| 035 | |l 10071015 | ||
| 040 | |a GR-MY-UA |b gre |e aacr | ||
| 041 | 0 | |a eng | |
| 082 | 0 | |a 332.094109034 |2 (21) | |
| 100 | 1 | |a Poovey, Mary. | |
| 245 | 1 | 4 | |a The financial system in nineteenth-century Britain / |c Mary Poovey |
| 260 | |a New York; Oxford : |b Oxford University Press, |c 2003 | ||
| 300 | |a xvi, 381 σ.; |c 22 εκ. | ||
| 490 | 1 | |a Victorian archives series | |
| 504 | |a Περιέχει βιβλιογραφία και ευρετήριο | ||
| 650 | 0 | 0 | |a Finance |z Great Britain |x History |y 19th century. |
| 830 | 0 | |a Victorian archives series | |
| 852 | |a INST |b LESVOS |e 20031007 |h 332.094109034 FIN |p 005100026728 |q 005100026728 |t BK |y 0 | ||
| 901 | |a BIBL1-2003-3 | ||
| 909 | |a Λ |b 106238 | ||
| 922 | |a 1ΕΛΗ |b 200309 |c ΕΠΕΑΕΚ2/ΤΚΑ |d ΜΙΧΑΛΟΠΟΥΛΟΣ | ||
| 950 | |a 117-2003-06-11 | ||
| 970 | |a ΚΑΡΑ |b ΓΙΑΣΕΜΗ |z 2003/10/14 | ||